[Event "V Festival Mare di Fano A"]
[Site "Fano ITA"]
[Date "2016.07.31"]
[Round "2"]
[White "Urkedal, Frode"]
[Black "Purnama, Tirta Chandra"]
[WhiteElo "2557"]
[BlackElo "2337"]
[Result "1-0"]
[PlyCount "83"]
[EventDate "2016.07.30"]

1. d4 Nf6 2. c4 g6 3. Nc3 Bg7 4. e4 d6 5. Nf3 O-O 6. h3 e5 7. d5 a5 8. g4 Na6
9. Be3 Nc5 10. Nd2 Bd7 11. Be2 c6 12. h4 Ne8 13. g5 f5 14. h5 gxh5 15. Bf1 fxe4
16. Bxc5 dxc5 17. Qxh5 Rf4 18. Bh3 Nd6 19. Bxd7 Qxd7 20. Qxh7+ Kf8 21. O-O-O
Qf5 22. Qxf5+ Nxf5 23. dxc6 bxc6 24. Ndxe4 Nd4 25. Rd2 a4 26. Nxc5 a3 27. b3
Kf7 28. Nd3 Rf3 29. Ne4 Kg6 30. Kb1 Kf5 31. Re1 Kg6 32. Nd6 e4 33. Nxe4 Rh8 34.
Ng3 Rh2 35. Ne2 Nxe2 36. Rexe2 Rh1+ 37. Ne1 Bc3 38. Kc2 Bxd2 39. Nxf3 Bb4 40.
Ne5+ Kxg5 41. Nxc6 Bd6 42. b4 1-0

[Event "V Festival Mare di Fano A"]
[Site "Fano ITA"]
[Date "2016.07.31"]
[Round "2"]
[White "Villar Nieves, Antonio"]
[Black "Landi, Alberto"]
[WhiteElo "2175"]
[BlackElo "2004"]
[Result "0-1"]
[PlyCount "58"]
[EventDate "2016.07.30"]

1. d4 d5 2. Nf3 Nf6 3. Bf4 c5 4. c3 Nc6 5. e3 Qb6 6. Qb3 c4 7. Qc2 Bf5 8. Qc1
e6 9. Be2 Be7 10. Nbd2 h6 11. Ne5 Nxe5 12. Bxe5 Qc6 13. O-O O-O 14. b3 b5 15.
b4 a5 16. a3 Ra6 17. Qb2 Rfa8 18. h3 R8a7 19. Bxf6 Bxf6 20. Nf3 Qa8 21. bxa5
Rxa5 22. Ne5 Bxe5 23. dxe5 Rxa3 24. Rxa3 Rxa3 25. Qxb5 Rxc3 26. Rd1 Rc2 27. Bg4
Bg6 28. Rb1 Kh7 29. Qc5 Rxf2 0-1

[Event "V Festival Mare di Fano A"]
[Site "Fano ITA"]
[Date "2016.07.31"]
[Round "2"]
[White "Weichhold, Pawel"]
[Black "Cirelli, Alessandro"]
[WhiteElo "2387"]
[BlackElo "1935"]
[Result "1-0"]
[PlyCount "47"]
[EventDate "2016.07.30"]

1. a3 d5 2. Nf3 Nf6 3. g3 e6 4. Bg2 Be7 5. O-O O-O 6. d3 b6 7. e4 Bb7 8. e5
Nfd7 9. Re1 c5 10. Nbd2 Nc6 11. Nf1 Qc7 12. Bf4 Rfd8 13. h4 b5 14. N1h2 a5 15.
h5 a4 16. Ng4 b4 17. Qc1 Rdb8 18. Bg5 Bf8 19. h6 g6 20. Qf4 bxa3 21. bxa3 Ba6
22. Bf6 c4 23. Ng5 Nd8 24. Bxd8 1-0

[Event "V Festival Mare di Fano A"]
[Site "Fano ITA"]
[Date "2016.08.01"]
[Round "3"]
[White "Altieri, Danilo Mario"]
[Black "Rigo, Janos"]
[WhiteElo "2037"]
[BlackElo "2243"]
[Result "0-1"]
[PlyCount "96"]
[EventDate "2016.07.30"]

1. d4 Nf6 2. c4 e6 3. Nc3 d5 4. Bg5 Be7 5. cxd5 exd5 6. e3 Nbd7 7. Bd3 c6 8.
Nge2 h6 9. Bxf6 Nxf6 10. Ng3 g6 11. Qc2 h5 12. h3 Bd6 13. Nge2 Qc7 14. Rc1 a6
15. Ng1 O-O 16. Nf3 Re8 17. O-O Qe7 18. Nd2 b5 19. a3 a5 20. e4 Bf4 21. exd5 b4
22. Rfe1 Qxe1+ 23. Rxe1 Rxe1+ 24. Nf1 bxc3 25. bxc3 cxd5 26. g3 Bh6 27. Kg2 Ne4
28. f3 Nf6 29. g4 hxg4 30. hxg4 Ba6 31. c4 dxc4 32. Bxc4 Bxc4 33. Qxc4 Rae8 34.
Ng3 Rc1 35. Qb5 Rc2+ 36. Kh3 Bf4 37. g5 Rb8 38. Qa4 Rh2+ 39. Kxh2 Nh5 40. Qxa5
Rb2+ 41. Kh3 Bxg3 42. Qa8+ Kg7 43. f4 Bxf4 44. Qd5 Bb8 45. Kg4 Rf2 46. Qb5 f5+
47. gxf6+ Nxf6+ 48. Kg5 Bf4+ 0-1

[Event "V Festival Mare di Fano A"]
[Site "Fano ITA"]
[Date "2016.08.01"]
[Round "3"]
[White "Aulia, Medina Warda"]
[Black "Szukics, Adam"]
[WhiteElo "2382"]
[BlackElo "2140"]
[Result "1/2-1/2"]
[PlyCount "47"]
[EventDate "2016.07.30"]

1. e4 e5 2. Nf3 Nc6 3. Bc4 Bc5 4. c3 Nf6 5. d3 a6 6. Bb3 Ba7 7. Nbd2 O-O 8. O-O
d5 9. exd5 Nxd5 10. Nc4 f6 11. h3 Kh8 12. a4 Be6 13. a5 Qd7 14. Re1 Rad8 15.
Qe2 Rfe8 16. Bc2 Qf7 17. Nh2 Nce7 18. Qf3 Ng6 19. Ng4 Nh4 20. Qg3 Nf5 21. Qf3
Nh4 22. Qg3 Nf5 23. Qf3 Nh4 24. Qg3 1/2-1/2

[Event "V Festival Mare di Fano A"]
[Site "Fano ITA"]
[Date "2016.08.01"]
[Round "3"]
[White "Aulia, Virda Rizka"]
[Black "Lindiawati, Evi"]
[WhiteElo "1918"]
[BlackElo "2022"]
[Result "1/2-1/2"]
[PlyCount "50"]
[EventDate "2016.07.30"]

1. e4 d5 2. exd5 Qxd5 3. Nc3 Qa5 4. d4 c6 5. Nf3 Nf6 6. Bc4 Bg4 7. O-O e6 8. h3
Bxf3 9. Qxf3 Bd6 10. Ne4 Nxe4 11. Qxe4 O-O 12. Bf4 Bxf4 13. Qxf4 Nd7 14. Bd3
Nf6 15. c3 Qd5 16. Rfe1 Rad8 17. Qe5 Qxe5 18. Rxe5 Rd5 19. Rxd5 exd5 20. Re1
Re8 21. Rxe8+ Nxe8 22. Kf1 h6 23. Ke2 Kf8 24. Ke3 Ke7 25. g4 Nd6 1/2-1/2

[Event "V Festival Mare di Fano A"]
[Site "Fano ITA"]
[Date "2016.08.01"]
[Round "3"]
[White "Cavalieri, Riccardo"]
[Black "Lavorgna, Francesco"]
[WhiteElo "1937"]
[BlackElo "1887"]
[Result "1/2-1/2"]
[PlyCount "65"]
[EventDate "2016.07.30"]

1. e4 c6 2. d4 d5 3. Nc3 dxe4 4. Nxe4 Bf5 5. Ng3 Bg6 6. h4 h6 7. Nf3 Nd7 8. h5
Bh7 9. Bd3 Bxd3 10. Qxd3 Ngf6 11. Bd2 Qc7 12. O-O-O e6 13. Ne4 Nxe4 14. Qxe4
Nf6 15. Qe2 Bd6 16. g3 O-O-O 17. Kb1 Rhe8 18. c4 e5 19. dxe5 Bxe5 20. Nxe5 Qxe5
21. Be3 Qf5+ 22. Qc2 Qxc2+ 23. Kxc2 b6 24. Rh4 Rxd1 25. Kxd1 Re5 26. Bd4 Re6
27. Bxf6 Rxf6 28. Ke2 Kd7 29. Rd4+ Rd6 30. Rg4 g6 31. Rf4 Ke7 32. hxg6 fxg6 33.
b3 1/2-1/2

[Event "V Festival Mare di Fano A"]
[Site "Fano ITA"]
[Date "2016.08.01"]
[Round "3"]
[White "Cirelli, Alessandro"]
[Black "Murin, Janos"]
[WhiteElo "1935"]
[BlackElo "2107"]
[Result "1/2-1/2"]
[PlyCount "65"]
[EventDate "2016.07.30"]

1. e4 c5 2. Nc3 Nc6 3. g3 g6 4. Bg2 Bg7 5. d3 e6 6. Be3 d6 7. Qd2 Nd4 8. Nd1 e5
9. c3 Nc6 10. f4 b6 11. Nf3 Nf6 12. h3 Nh5 13. Qf2 Qc7 14. Bf1 Bb7 15. Be2 Nf6
16. O-O O-O 17. fxe5 dxe5 18. Bg5 h6 19. Bxf6 Bxf6 20. Ne3 Ne7 21. h4 Bg7 22.
g4 Rad8 23. g5 h5 24. c4 Qd7 25. Qg3 Qd6 26. Rf2 Rde8 27. Raf1 f5 28. gxf6 Rxf6
29. Ng5 Ref8 30. Rxf6 Rxf6 31. Rxf6 Qxf6 32. Qf2 Bc8 33. b3 1/2-1/2

[Event "V Festival Mare di Fano A"]
[Site "Fano ITA"]
[Date "2016.08.01"]
[Round "3"]
[White "Corvi, Marco"]
[Black "Nguyen, Piotr"]
[WhiteElo "2343"]
[BlackElo "2430"]
[Result "1/2-1/2"]
[PlyCount "74"]
[EventDate "2016.07.30"]

1. c4 g6 2. Nc3 Bg7 3. Nf3 c5 4. g3 Nc6 5. Bg2 d6 6. a3 a5 7. d3 e5 8. Rb1 Nge7
9. Bd2 O-O 10. O-O Rb8 11. Ne1 Be6 12. Nd5 b5 13. cxb5 Rxb5 14. Qa4 Nd4 15. e3
Bxd5 16. exd4 Qb6 17. dxc5 dxc5 18. Bxd5 Nxd5 19. Ng2 Rxb2 20. Rxb2 Qxb2 21.
Qxa5 Qd4 22. Ne3 Qxd3 23. Qxc5 Rd8 24. Bc1 Nc3 25. Qc4 Ne2+ 26. Kg2 Qxc4 27.
Nxc4 Rc8 28. Rd1 Bf8 29. Kf1 Nxc1 30. Rxc1 Bxa3 31. Ra1 Rxc4 32. Rxa3 Kg7 33.
Ra5 e4 34. Ke2 h6 35. h4 Kf6 36. Ke3 Ke6 37. h5 gxh5 1/2-1/2

[Event "V Festival Mare di Fano A"]
[Site "Fano ITA"]
[Date "2016.08.01"]
[Round "3"]
[White "Cuhendi, Sean Winshand"]
[Black "Misiano, Franco"]
[WhiteElo "2395"]
[BlackElo "2296"]
[Result "1-0"]
[PlyCount "79"]
[EventDate "2016.07.30"]

1. d4 Nf6 2. Bf4 d5 3. e3 c5 4. c3 Nc6 5. Nd2 Qb6 6. Qb3 c4 7. Qc2 g6 8. e4
Nxe4 9. Nxe4 dxe4 10. d5 Na5 11. Be5 f6 12. Bd4 Qc7 13. Qxe4 Bg7 14. Qe3 b6 15.
Ne2 Bb7 16. Nf4 Bh6 17. Ne6 Bxe3 18. Nxc7+ Kd7 19. fxe3 Kxc7 20. e4 Rhe8 21.
O-O-O e5 22. Be3 Rad8 23. g4 Kb8 24. Be2 Bc8 25. Rhf1 Rf8 26. Rf2 f5 27. Bh6
Rf7 28. gxf5 gxf5 29. Bh5 Rfd7 30. Rxf5 Rd6 31. Bg7 Rxd5 32. Bxe5+ Kb7 33. Rf7+
R5d7 34. Rfxd7+ Rxd7 35. Rxd7+ Bxd7 36. Bf7 Nc6 37. Bf6 b5 38. e5 Bf5 39. e6
Kc7 40. e7 1-0

[Event "V Festival Mare di Fano A"]
[Site "Fano ITA"]
[Date "2016.08.01"]
[Round "3"]
[White "Esposti, Federico"]
[Black "Rago, Riccardo"]
[WhiteElo "2063"]
[BlackElo "2042"]
[Result "0-1"]
[PlyCount "62"]
[EventDate "2016.07.30"]

1. d4 d5 2. Bf4 Nf6 3. e3 e6 4. Nd2 c5 5. c3 Nc6 6. Bd3 cxd4 7. exd4 Bd6 8. Bg3
O-O 9. Ngf3 a6 10. O-O Bxg3 11. hxg3 Ng4 12. Re1 Qf6 13. Qe2 Qh6 14. Nf1 Bd7
15. Bc2 Rae8 16. Ne5 Ngxe5 17. dxe5 f5 18. Nd2 g5 19. Qe3 Re7 20. Nf3 Rg7 21.
Qd2 Qh5 22. Nd4 Nxd4 23. Qxd4 g4 24. c4 dxc4 25. Qd6 Bc8 26. Bd1 Rg6 27. Re3
Rh6 28. f4 Qh1+ 29. Kf2 Rh2 30. Re2 Rxg2+ 31. Ke3 Rxg3+ 0-1

[Event "V Festival Mare di Fano A"]
[Site "Fano ITA"]
[Date "2016.08.01"]
[Round "3"]
[White "Fier, Alexandr"]
[Black "Matsenko, Andrei"]
[WhiteElo "2616"]
[BlackElo "2327"]
[Result "1-0"]
[PlyCount "57"]
[EventDate "2016.07.30"]

1. d4 Nf6 2. c4 e6 3. Nf3 b6 4. a3 Bb7 5. Nc3 d5 6. cxd5 exd5 7. Bg5 Be7 8. e3
O-O 9. Bd3 Nbd7 10. O-O Ne4 11. Bxe7 Qxe7 12. Rc1 Nd6 13. b4 a6 14. Qb3 Rfc8
15. Nxd5 Qe6 16. e4 Nxe4 17. Bxe4 Qxe4 18. Nxc7 Rab8 19. Rfe1 Qf4 20. Ne5 Nxe5
21. dxe5 Qg5 22. Qg3 Qe7 23. e6 fxe6 24. h3 Qf7 25. Rxe6 b5 26. Rc3 Bd5 27.
Rxa6 Bc4 28. Ra7 Qf6 29. Re3 1-0

[Event "V Festival Mare di Fano A"]
[Site "Fano ITA"]
[Date "2016.08.01"]
[Round "3"]
[White "Gonzalez Diaz, Julio"]
[Black "Weichhold, Pawel"]
[WhiteElo "2273"]
[BlackElo "2387"]
[Result "1/2-1/2"]
[PlyCount "52"]
[EventDate "2016.07.30"]

1. c4 Nf6 2. Nc3 g6 3. g3 Bg7 4. Bg2 O-O 5. d3 d6 6. Nf3 Nc6 7. O-O e5 8. Rb1
a5 9. a3 Re8 10. b4 axb4 11. axb4 e4 12. Nxe4 Nxe4 13. dxe4 Rxe4 14. b5 Ne5 15.
c5 Bf5 16. cxd6 Qxd6 17. Bf4 Qb6 18. Rc1 Rc4 19. Rxc4 Nxc4 20. Qd5 Be6 21. Qd3
Nb2 22. Qe3 Bc4 23. Qxb6 cxb6 24. Ne5 Bxb5 25. Rb1 Bxe2 26. Bxb7 Ra7 1/2-1/2

[Event "V Festival Mare di Fano A"]
[Site "Fano ITA"]
[Date "2016.08.01"]
[Round "3"]
[White "Kholopov, Alexander A"]
[Black "Paler, Adrian"]
[WhiteElo "2289"]
[BlackElo "2066"]
[Result "1-0"]
[PlyCount "83"]
[EventDate "2016.07.30"]

1. Nf3 d5 2. g3 Nf6 3. Bg2 e6 4. O-O Be7 5. b3 O-O 6. Bb2 c6 7. d3 Nbd7 8. Nbd2
b6 9. e4 dxe4 10. dxe4 Qc7 11. e5 Ng4 12. Qe2 Bb7 13. h3 Nh6 14. Ne4 Rfd8 15.
Rad1 c5 16. Nd6 Bc6 17. g4 Nxe5 18. Nxe5 Bxg2 19. Nexf7 Nxf7 20. Nxf7 Kxf7 21.
Kxg2 Qc6+ 22. Kg1 Bf6 23. Bxf6 gxf6 24. Rd3 Rxd3 25. Qxd3 f5 26. Rd1 Rg8 27.
Qd7+ Qxd7 28. Rxd7+ Kf6 29. Rxh7 fxg4 30. h4 Rd8 31. Rxa7 Rd2 32. c4 Kf5 33.
Kg2 Kf4 34. Rf7+ Ke5 35. a4 Rd3 36. Rb7 Rxb3 37. a5 Rb4 38. axb6 Rxc4 39. h5
Kd6 40. h6 Rc3 41. h7 Rh3 42. Rg7 1-0

[Event "V Festival Mare di Fano A"]
[Site "Fano ITA"]
[Date "2016.08.01"]
[Round "3"]
[White "Klekowski, Maciej"]
[Black "Urkedal, Frode"]
[WhiteElo "2429"]
[BlackElo "2557"]
[Result "1-0"]
[PlyCount "83"]
[EventDate "2016.07.30"]

1. d4 Nf6 2. c4 e6 3. Nf3 b6 4. g3 Ba6 5. b3 Bb4+ 6. Bd2 Be7 7. Bg2 d5 8. cxd5
exd5 9. Nc3 O-O 10. Ne5 Bb7 11. O-O Nbd7 12. Bf4 c6 13. Rb1 Bb4 14. Qc2 Re8 15.
a3 Bxa3 16. b4 a5 17. b5 Nxe5 18. dxe5 Nh5 19. bxc6 Bxc6 20. Be3 Rxe5 21. Bxb6
Qd7 22. Rfd1 Bb4 23. f4 Re6 24. Nxd5 Qb7 25. Bc5 Rae8 26. e3 Nf6 27. Nxb4 Bxg2
28. Nd3 Qa6 29. Qxg2 Ne4 30. Bd4 a4 31. f5 R6e7 32. Ne5 Nc5 33. Bxc5 Rxe5 34.
Bd4 Rxf5 35. Qe4 Qc8 36. Rdc1 Qd7 37. Rb7 Rxe4 38. Rxd7 h5 39. Rc8+ Kh7 40. Rf8
f6 41. Bxf6 Rg4 42. Bxg7 1-0

[Event "V Festival Mare di Fano A"]
[Site "Fano ITA"]
[Date "2016.08.01"]
[Round "3"]
[White "Landi, Alberto"]
[Black "Mazzini, Mauro"]
[WhiteElo "2004"]
[BlackElo "2191"]
[Result "1/2-1/2"]
[PlyCount "91"]
[EventDate "2016.07.30"]

1. e4 c5 2. c3 g6 3. d4 cxd4 4. cxd4 d5 5. exd5 Nf6 6. Qa4+ Nbd7 7. Nc3 Bg7 8.
Be2 O-O 9. Bf3 Nb6 10. Qb3 Bg4 11. a4 a5 12. Bxg4 Nxg4 13. Nge2 Nf6 14. Nf4 Qd6
15. O-O g5 16. Nfe2 h6 17. Ng3 Nbxd5 18. Nf5 Qb4 19. Qxb4 axb4 20. Nxd5 Nxd5
21. Nxg7 Kxg7 22. Bd2 Rfc8 23. b3 Rc2 24. Rfd1 Rac8 25. Kf1 Rb2 26. Rab1 Rcc2
27. Be1 Nc3 28. Rxb2 Rxb2 29. Bxc3 bxc3 30. Rc1 Rxb3 31. Ke2 Ra3 32. Kd3 Rxa4
33. Rxc3 Rb4 34. Rc2 Kf6 35. g4 e5 36. dxe5+ Kxe5 37. Rc7 Ke6 38. f3 Kf6 39.
Ke3 Kg6 40. Rd7 Rb6 41. Rd5 Re6+ 42. Kf2 h5 43. h4 f6 44. gxh5+ Kxh5 45. hxg5
fxg5 46. Rb5 1/2-1/2

[Event "V Festival Mare di Fano A"]
[Site "Fano ITA"]
[Date "2016.08.01"]
[Round "3"]
[White "Lavorgna, Filippo"]
[Black "Mirri, Pietro"]
[WhiteElo "1849"]
[BlackElo "2011"]
[Result "0-1"]
[PlyCount "140"]
[EventDate "2016.07.30"]

1. Nf3 d5 2. e3 Nf6 3. b3 e6 4. Be2 Be7 5. Bb2 O-O 6. O-O c5 7. d4 b6 8. Nbd2
Bb7 9. c4 Nbd7 10. Rc1 Rc8 11. Qc2 Ne4 12. Nxe4 dxe4 13. Nd2 f5 14. f3 Bg5 15.
f4 Bf6 16. Rcd1 cxd4 17. Bxd4 Bxd4 18. exd4 g5 19. Qc3 gxf4 20. Rxf4 Nf6 21.
Rdf1 Kh8 22. d5 Bxd5 23. Qe5 Bc6 24. Nb1 Bd7 25. b4 Qc7 26. Qxc7 Rxc7 27. Nc3
e5 28. Rh4 f4 29. Rd1 Be6 30. Nb5 Rd7 31. Rxd7 Bxd7 32. Nd6 Be6 33. c5 bxc5 34.
bxc5 Bxa2 35. c6 Be6 36. c7 Nd5 37. Nxe4 Nxc7 38. Ng5 Bf5 39. Rh6 Rg8 40. Nf3
Be4 41. Rh5 Bxf3 42. Bxf3 Re8 43. Be4 Re7 44. g3 fxg3 45. hxg3 Nb5 46. Kf2 Nc3
47. Bf5 e4 48. Ke3 Nd5+ 49. Ke2 e3 50. Rh1 a5 51. Kd3 e2 52. Kd2 a4 53. Bd3
e1=Q+ 54. Rxe1 Rxe1 55. Kxe1 Nb4 56. Bxh7 Kxh7 57. Kd2 Nd5 58. Kc2 Kg6 59. Kb2
Kg5 60. Ka3 Nb6 61. Ka2 Kg4 62. Ka1 Kxg3 63. Ka2 Kf3 64. Ka1 Ke3 65. Ka2 Kd3
66. Ka1 Kc3 67. Ka2 Kb4 68. Kb2 a3+ 69. Ka1 Kb3 70. Kb1 Nd5 0-1

[Event "V Festival Mare di Fano A"]
[Site "Fano ITA"]
[Date "2016.08.01"]
[Round "3"]
[White "Liepold, Stefan"]
[Black "Khadijah, Qurota'ain"]
[WhiteElo "2236"]
[BlackElo "1996"]
[Result "0-1"]
[PlyCount "112"]
[EventDate "2016.07.30"]

1. e4 c5 2. Nf3 d6 3. d4 cxd4 4. Nxd4 Nf6 5. f3 a6 6. c4 Nc6 7. Nc3 g6 8. Be3
Bg7 9. Qd2 Bd7 10. Be2 Rc8 11. Rc1 Ne5 12. b3 O-O 13. O-O h5 14. h3 Kh7 15. f4
Nc6 16. Nf3 Qa5 17. c5 Qb4 18. f5 Kh8 19. fxg6 fxg6 20. Bc4 Rcd8 21. cxd6 Qxd6
22. Qxd6 exd6 23. Bb6 Rc8 24. Rfd1 Bh6 25. Rb1 Bf4 26. Nd5 Nxe4 27. Bd3 Ng3 28.
Bf2 g5 29. Nxg5 Bxg5 30. Bxg3 Ne5 31. Nb4 a5 32. Bxe5+ dxe5 33. Be4 Bb5 34. Nd3
Be3+ 35. Kh2 Bd4 36. Rbc1 b6 37. Rf1 Kg7 38. Rxf8 Rxf8 39. Rc7+ Kf6 40. Rh7 Be8
41. h4 Rg8 42. Rh6+ Ke7 43. Bf3 Bb5 44. Bd5 Rd8 45. Re6+ Kf8 46. Be4 Bd7 47.
Rh6 Bg4 48. Rh8+ Ke7 49. Rxd8 Kxd8 50. Kg3 Ke7 51. Bf3 Bf5 52. Be2 Kf6 53. Nf2
Kg6 54. Kf3 e4+ 55. Nxe4 Bg4+ 56. Kf4 Bxe2 0-1

[Event "V Festival Mare di Fano A"]
[Site "Fano ITA"]
[Date "2016.08.01"]
[Round "3"]
[White "Marzocchi, Tommaso"]
[Black "Maisuradze, Nino"]
[WhiteElo "2068"]
[BlackElo "2281"]
[Result "1/2-1/2"]
[PlyCount "118"]
[EventDate "2016.07.30"]

1. e4 c5 2. Nf3 a6 3. d4 cxd4 4. Nxd4 Nf6 5. Bd3 e5 6. Nb3 d5 7. exd5 Qxd5 8.
O-O Be6 9. Nc3 Qc6 10. Qe2 Nbd7 11. Ne4 Be7 12. f4 O-O 13. Ng5 Bxb3 14. axb3
Bc5+ 15. Kh1 Rae8 16. fxe5 Nxe5 17. Ne4 Nfg4 18. h3 Nxd3 19. cxd3 Ne5 20. Qc2
Bd4 21. Qxc6 Nxc6 22. Nd6 Re7 23. Nf5 Rd7 24. Ra4 Be5 25. Rg4 Kh8 26. Bd2 Bxb2
27. d4 Bxd4 28. Nxd4 Rxd4 29. Rxd4 Nxd4 30. Bb4 Kg8 31. Bxf8 Kxf8 32. Rb1 Ke7
33. Kg1 Kd6 34. Kf2 Kc5 35. Ke3 Nc6 36. Rf1 f6 37. Rf4 Ne5 38. Kd2 a5 39. Kc3
b5 40. Rh4 b4+ 41. Kc2 h6 42. Rf4 Kd5 43. Kd2 Ke6 44. Rf1 g5 45. Rc1 Kd5 46.
Rf1 Ke6 47. Rc1 Kd5 48. Rf1 Nc6 49. Ke3 Ke5 50. Rc1 Kd5 51. Rf1 Ke5 52. Rc1 Ne7
53. Rc5+ Nd5+ 54. Kf3 h5 55. Rxa5 f5 56. Rc5 g4+ 57. hxg4 hxg4+ 58. Kf2 Kd4 59.
Rb5 Ke4 1/2-1/2

[Event "V Festival Mare di Fano A"]
[Site "Fano ITA"]
[Date "2016.08.01"]
[Round "3"]
[White "Matsenko, Vadim"]
[Black "Di Chiara, Mauro"]
[WhiteElo "2132"]
[BlackElo "1934"]
[Result "1-0"]
[PlyCount "77"]
[EventDate "2016.07.30"]

1. e4 c5 2. Nf3 Nc6 3. Bb5 g6 4. O-O Bg7 5. Re1 Nf6 6. c3 O-O 7. d4 cxd4 8.
cxd4 d5 9. e5 Ne4 10. Nc3 Nxc3 11. bxc3 a6 12. Bd3 Bg4 13. h3 Bxf3 14. Qxf3 Rc8
15. Bd2 b5 16. a4 b4 17. Bxa6 Rc7 18. Bb5 bxc3 19. Bxc3 Qc8 20. Bxc6 Rxc6 21.
Bb4 Qd7 22. Qa3 Ra8 23. a5 e6 24. Rec1 Rc4 25. Rxc4 dxc4 26. Bc5 Qb5 27. Qb4
Qa6 28. Ra4 f6 29. f4 g5 30. exf6 Bxf6 31. fxg5 Bxg5 32. Ra3 Bd8 33. Rg3+ Kf7
34. Rf3+ Kg8 35. Rf8+ Kg7 36. Qc3 Bc7 37. d5+ e5 38. Qg3+ Qg6 39. Qxg6+ 1-0

[Event "V Festival Mare di Fano A"]
[Site "Fano ITA"]
[Date "2016.08.01"]
[Round "3"]
[White "Nemeth, Miklos"]
[Black "Csonka, Attila Istvan"]
[WhiteElo "2467"]
[BlackElo "2316"]
[Result "1/2-1/2"]
[PlyCount "43"]
[EventDate "2016.07.30"]

1. e4 c6 2. d4 d5 3. e5 c5 4. dxc5 Nc6 5. Nf3 e6 6. a3 Bxc5 7. b4 Bb6 8. Bd3
Qc7 9. Bb2 Nge7 10. O-O Ng6 11. Re1 Bd7 12. Nbd2 a5 13. Bxg6 hxg6 14. c4 axb4
15. cxd5 exd5 16. Qb3 Be6 17. axb4 Rxa1 18. Bxa1 Qe7 19. b5 Na5 20. Qa4 O-O 21.
Nd4 Bxd4 22. Qxd4 1/2-1/2

[Event "V Festival Mare di Fano A"]
[Site "Fano ITA"]
[Date "2016.08.01"]
[Round "3"]
[White "Priasmoro, Novendra"]
[Black "Getz, Nicolai"]
[WhiteElo "2309"]
[BlackElo "2461"]
[Result "1-0"]
[PlyCount "131"]
[EventDate "2016.07.30"]

1. e4 c5 2. Nf3 d6 3. d4 cxd4 4. Nxd4 Nf6 5. Nc3 g6 6. Be3 Bg7 7. f3 O-O 8. Bc4
Nc6 9. Bb3 Na5 10. Qd2 Nxb3 11. axb3 Bd7 12. O-O a6 13. Rfd1 b5 14. b4 Qc7 15.
Ra3 Qb7 16. Bg5 Be6 17. Kh1 Rfe8 18. Nxe6 fxe6 19. Ne2 Nd7 20. Nd4 Bxd4 21.
Qxd4 Rac8 22. c3 Rc4 23. Qe3 Ne5 24. Raa1 Nf7 25. Bh4 Rec8 26. Bf2 R4c6 27. Qf4
Rf8 28. Qg4 Qc8 29. Bd4 e5 30. Qxc8 Rfxc8 31. Be3 Nd8 32. h4 Ne6 33. Kg1 Kf7
34. Kf2 Ke8 35. Rh1 Kd7 36. Ke2 Rf8 37. g3 Kc7 38. Rhf1 Kb7 39. Kd3 Rf7 40. b3
Rc8 41. c4 bxc4+ 42. bxc4 Rcf8 43. Ke2 Rc8 44. b5 Rxc4 45. bxa6+ Ka8 46. Rfc1
Rxc1 47. Rxc1 Rf8 48. Rb1 Nd4+ 49. Bxd4 exd4 50. Rb7 d3+ 51. Ke3 d2 52. Kxd2
Rxf3 53. Rxe7 h5 54. Re6 Rxg3 55. Rxd6 Rg4 56. Ke3 Rxh4 57. e5 Rh1 58. Rd2 Re1+
59. Re2 Rf1 60. e6 Rf8 61. e7 Re8 62. Kf4 h4 63. Kg4 Ka7 64. Kxh4 Kxa6 65. Kg5
Kb6 66. Kxg6 1-0

[Event "V Festival Mare di Fano A"]
[Site "Fano ITA"]
[Date "2016.08.01"]
[Round "3"]
[White "Purnama, Tirta Chandra"]
[Black "Fisabilillah, Ummi"]
[WhiteElo "2337"]
[BlackElo "2099"]
[Result "1-0"]
[PlyCount "85"]
[EventDate "2016.07.30"]

1. d4 Nf6 2. c4 e6 3. g3 d5 4. Nf3 c5 5. cxd5 Nxd5 6. Bg2 Nc6 7. O-O Be7 8. Nc3
O-O 9. e4 Nxc3 10. bxc3 b6 11. Re1 Na5 12. h4 Bb7 13. Bf4 Rc8 14. d5 exd5 15.
exd5 Bd6 16. Ne5 Re8 17. Nxf7 Kxf7 18. Qh5+ Kg8 19. Rxe8+ Qxe8 20. Qxe8+ Rxe8
21. Bxd6 Rd8 22. Bf4 Kf7 23. Re1 Nc4 24. Bg5 Re8 25. Re6 h6 26. Bf4 Rd8 27. Rc6
Ke8 28. Re6+ Kf7 29. Rc6 Ke8 30. Kh2 Rd7 31. h5 Kd8 32. Rg6 Bxd5 33. Bxd5 Rxd5
34. Rxg7 Rxh5+ 35. Kg2 a5 36. g4 Rd5 37. Bxh6 Rd3 38. Bg5+ Ke8 39. Bf6 Rd2 40.
Re7+ Kf8 41. g5 Nd6 42. g6 Rxa2 43. Rh7 1-0

[Event "V Festival Mare di Fano A"]
[Site "Fano ITA"]
[Date "2016.08.01"]
[Round "3"]
[White "Rahman, Masruri"]
[Black "Laketic, Gojko"]
[WhiteElo "2335"]
[BlackElo "2413"]
[Result "0-1"]
[PlyCount "97"]
[EventDate "2016.07.30"]

1. d4 Nf6 2. Nf3 e6 3. Bf4 b6 4. e3 Bb7 5. Nbd2 Be7 6. h3 O-O 7. Bd3 c5 8. O-O
a6 9. a4 d6 10. c3 cxd4 11. exd4 Nbd7 12. a5 b5 13. c4 bxc4 14. Nxc4 Qb8 15.
Qe2 Nd5 16. Bh2 Nb4 17. Be4 Bxe4 18. Qxe4 d5 19. Qb1 Qa7 20. Ncd2 Rfc8 21. Rc1
Rxc1+ 22. Qxc1 Qb7 23. Ra3 Rc8 24. Rc3 Rxc3 25. Qxc3 Nc6 26. Nb3 Bb4 27. Qd3
Nxa5 28. Ng5 Nf8 29. Nxa5 Bxa5 30. Qc2 f6 31. Nf3 Bb4 32. Bf4 Nd7 33. g4 Nf8
34. Bg3 Ng6 35. Qa4 Kf7 36. Kg2 Ne7 37. Qc2 Kg8 38. Qa4 Nc6 39. g5 Qb5 40. Qc2
Qc4 41. Qd1 Ne7 42. b3 Qc6 43. gxf6 gxf6 44. Bf4 Nf5 45. Ng1 Qe8 46. Kh2 Kh8
47. Nf3 Qc6 48. Qg1 Bd6 49. Bxd6 0-1

[Event "V Festival Mare di Fano A"]
[Site "Fano ITA"]
[Date "2016.08.01"]
[Round "3"]
[White "Romanishin, Oleg M"]
[Black "Lioe, Dede"]
[WhiteElo "2433"]
[BlackElo "2357"]
[Result "1/2-1/2"]
[PlyCount "127"]
[EventDate "2016.07.30"]

1. Nf3 d5 2. g3 c6 3. Bg2 Bf5 4. c4 e6 5. Qb3 Qb6 6. d3 Nd7 7. O-O Ngf6 8. Be3
Bc5 9. Bxc5 Nxc5 10. Qc3 O-O 11. Nbd2 a5 12. Qd4 Rfd8 13. Rac1 Ncd7 14. Qxb6
Nxb6 15. cxd5 exd5 16. Nd4 Bd7 17. N4b3 Na4 18. Rc2 Re8 19. Rfc1 Kf8 20. h3 h5
21. f4 Re7 22. Kf2 g6 23. Re1 Be6 24. e4 dxe4 25. dxe4 Bxb3 26. Nxb3 Nb6 27.
Nc5 Rd8 28. e5 Nfd5 29. a3 h4 30. Re4 hxg3+ 31. Kxg3 Rc7 32. Rd4 Re8 33. Re2
Ne7 34. Kf2 Nbd5 35. Rc4 b6 36. Nd3 c5 37. e6 f6 38. Rd2 Rd8 39. f5 Nxf5 40.
Nf4 Nxf4 41. Rxd8+ Ke7 42. Rh8 Nd3+ 43. Kg1 Nd4 44. Rh7+ Kd6 45. Rxc7 Kxc7 46.
Bf1 Ne5 47. Rc1 a4 48. Rd1 Kd6 49. Bb5 Kxe6 50. Bf1 g5 51. Kf2 f5 52. Ba6 Kd5
53. Rg1 g4 54. hxg4 Nxg4+ 55. Kg3 b5 56. Rh1 Ne3 57. Kf4 Nec2 58. Rh3 b4 59.
Bb7+ Kd6 60. axb4 cxb4 61. Bc8 Kc5 62. Bd7 a3 63. bxa3 bxa3 64. Rxa3 1/2-1/2

[Event "V Festival Mare di Fano A"]
[Site "Fano ITA"]
[Date "2016.08.01"]
[Round "3"]
[White "Sala, Sergio"]
[Black "Tamin, Upi Darmayana"]
[WhiteElo "1919"]
[BlackElo "2033"]
[Result "0-1"]
[PlyCount "64"]
[EventDate "2016.07.30"]

1. e4 c5 2. Nf3 d6 3. d4 cxd4 4. Nxd4 Nf6 5. Nc3 a6 6. Be3 e6 7. f3 b5 8. Qd2
Bb7 9. g4 Nfd7 10. O-O-O Nb6 11. Qf2 N8d7 12. Kb1 Rc8 13. Nb3 b4 14. Ne2 Nc4
15. Bf4 Qf6 16. Bc1 Bxe4 17. Ned4 Bd5 18. Bd3 Qd8 19. g5 Be7 20. h4 a5 21. Be4
Bxe4 22. fxe4 Nde5 23. Rhf1 O-O 24. Nf3 a4 25. Nbd4 Qa5 26. Nxe5 dxe5 27. Nf3
b3 28. cxb3 axb3 29. axb3 Ra8 30. bxc4 Qa2+ 31. Kc2 Qxc4+ 32. Kb1 Rfc8 0-1

[Event "V Festival Mare di Fano A"]
[Site "Fano ITA"]
[Date "2016.08.01"]
[Round "3"]
[White "Scarpa, Silvia"]
[Black "Villar Nieves, Antonio"]
[WhiteElo "1926"]
[BlackElo "2175"]
[Result "0-1"]
[PlyCount "50"]
[EventDate "2016.07.30"]

1. e4 c5 2. Nc3 Nc6 3. f4 d6 4. Bb5 Bd7 5. Nf3 g6 6. O-O Bg7 7. Bxc6 Bxc6 8. d3
Qb6 9. Kh1 O-O-O 10. a4 Nf6 11. a5 Qc7 12. Bd2 h5 13. Na4 Qd7 14. c4 h4 15. Ra2
Qg4 16. Ng5 Qxd1 17. Rxd1 Ng4 18. Be1 Rdf8 19. b4 cxb4 20. d4 b3 21. Ra3 Ne3
22. Rc1 Nc2 23. Rxb3 Bxa4 24. Rb2 Nxe1 25. Rxe1 Bxd4 0-1